[Event "Open de la Loire 2010-2011"]
[Site "Loire"]
[Date "2011.03.12"]
[Round "9.13"]
[White "Victoria, Philippe"]
[Black "Richard, Nicolas"]
[Result "0-1"]
[WhiteElo "1150"]
[BlackElo "1470"]
[PlyCount "114"]
[EventDate "2011.??.??"]

1. d4 d5 2. c4 dxc4 3. e4 e6 4. e5 Nc6 5. Nf3 Bb4+ 6. Nc3 Bxc3+ 7. bxc3 Nge7 8.
Bxc4 h6 9. O-O O-O 10. Qd3 b6 11. Rd1 Qd7 12. d5 Nd8 13. d6 cxd6 14. exd6 Nf5
15. Bb3 Nb7 16. Ba3 Rd8 17. Qe4 Rb8 18. g4 Nfxd6 19. Bxd6 Nxd6 20. Qf4 Qe7 21.
g5 h5 22. Bc2 g6 23. Rd2 Bb7 24. Ne5 Ne8 25. Re2 Rbc8 26. Be4 Bxe4 27. Qxe4
Qxg5+ 28. Kf1 Rxc3 29. Nc6 Rc1+ 30. Rxc1 Qxc1+ 31. Re1 Rd1 32. Ne7+ Kf8 33.
Nxg6+ fxg6 34. Qf3+ Ke7 35. Rxd1 Qc4+ 36. Kg2 Qxa2 37. Qb7+ Kf8 38. Rd7 Qe2 39.
Qxa7 Qg4+ 40. Kf1 Qc4+ 41. Kg2 Qg4+ 42. Kf1 Qc4+ 43. Ke1 Qb4+ 44. Kd1 Qg4+ 45.
Ke1 Qg1+ 46. Ke2 Qg4+ 47. Kf1 Qc4+ 48. Kg2 Qg4+ 49. Kh1 Qf3+ 50. Kg1 h4 51.
Rf7+ Qxf7 52. Qxb6 h3 53. Qc5+ Kg8 54. Qc8 Kh7 55. Qc1 Qf3 56. Qf1 Nf6 57.
Qxh3+ Qxh3 0-1

[Event "Open de la Loire 2010-2011"]
[Site "Loire"]
[Date "2011.03.12"]
[Round "9.14"]
[White "Marie, Michel"]
[Black "Daillere, Roland"]
[Result "1-0"]
[WhiteElo "1120"]
[BlackElo "1240"]
[PlyCount "93"]
[EventDate "2011.??.??"]

1. e4 d5 2. e5 Nc6 3. d4 f6 4. exf6 Nxf6 5. h3 Bf5 6. Bb5 Qd6 7. Nf3 O-O-O 8.
O-O Qb4 9. Bxc6 bxc6 10. Ng5 Bg6 11. Bf4 Qxb2 12. Qe2 Rd7 13. Qa6+ Qb7 14.
Qxb7+ Kxb7 15. Nc3 Bxc2 16. Rfc1 Bf5 17. Na4 e6 18. Re1 Re7 19. Nc5+ Kc8 20.
Re3 h6 21. Nf3 g5 22. Be5 Bg7 23. Ra3 Nd7 24. Na6 Bxe5 25. dxe5 Nb6 26. Nc5 Nd7
27. Rc1 Nb6 28. Rxa7 g4 29. hxg4 Bxg4 30. Nh4 Bf5 31. a4 Kb8 32. Ra6 Nc4 33.
Rxc6 Nxe5 34. Ra6 c6 35. Rc3 Kc7 36. Ra7+ Kd6 37. Nb7+ Kc7 38. Na5+ Kd6 39. Ra6
Rc8 40. f4 Nc4 41. Nxc4+ dxc4 42. Rxc4 Rb7 43. Kh2 Rcc7 44. Ra8 Rd7 45. a5 Kd5
46. Rc1 Rb2 47. Rd1+ 1-0

[Event "Open de la Loire 2010-2011"]
[Site "Loire"]
[Date "2011.03.12"]
[Round "10.1"]
[White "Walter, Alain"]
[Black "Mazet, Christian"]
[Result "1-0"]
[WhiteElo "1770"]
[BlackElo "1460"]
[PlyCount "87"]
[EventDate "2011.??.??"]

1. d4 Nf6 2. c4 g6 3. Nf3 d5 4. e3 Bg7 5. Nc3 O-O 6. Be2 c5 7. O-O cxd4 8. Nxd4
e5 9. Nf3 e4 10. Nd4 dxc4 11. Bxc4 a6 12. Qb3 Nbd7 13. Qc2 Qc7 14. Nxe4 Ne5 15.
Nxf6+ Bxf6 16. Bb3 Qxc2 17. Bxc2 Bd7 18. b3 Rac8 19. Ba3 Rfe8 20. Rac1 Be7 21.
Bxe7 Rxe7 22. Bb1 Nc6 23. Rfd1 Kg7 24. Nxc6 Bxc6 25. b4 Rec7 26. a3 Bb5 27.
Rxc7 Rxc7 28. Be4 Ba4 29. Ra1 Rd7 30. g3 Rd1+ 31. Rxd1 Bxd1 32. Bxb7 Be2 33. a4
Kf6 34. f3 Ke5 35. Kf2 Bc4 36. f4+ Kd6 37. Ke1 Kc7 38. Bf3 Kb6 39. Be2 Bb3 40.
a5+ Ka7 41. Kd2 Ba4 42. Kc3 Bc6 43. Kd4 f6 44. Kc5 1-0

[Event "Open de la Loire 2010-2011"]
[Site "Loire"]
[Date "2011.03.12"]
[Round "10.2"]
[White "Carteron, Olivier"]
[Black "Longueville, Thomas"]
[Result "1/2-1/2"]
[WhiteElo "1610"]
[BlackElo "1794"]
[PlyCount "36"]
[EventDate "2011.??.??"]

1. e4 e6 2. d4 d5 3. e5 Qd7 4. c3 b6 5. f4 Ba6 6. Bxa6 Nxa6 7. Nf3 Rd8 8. O-O
h5 9. Nh4 g6 10. Nf3 Nh6 11. Ng5 c5 12. Qd3 Nb8 13. Be3 Nc6 14. Nf3 Nf5 15.
Nbd2 cxd4 16. Bxd4 Nfxd4 17. Nxd4 Bc5 18. N2f3 Bxd4+ 1/2-1/2

[Event "Open de la Loire 2010-2011"]
[Site "Loire"]
[Date "2011.03.12"]
[Round "10.3"]
[White "Boeuf, Jean-Julien"]
[Black "Moleins, Jean-Pierre"]
[Result "1-0"]
[WhiteElo "1510"]
[BlackElo "1600"]
[PlyCount "81"]
[EventDate "2011.??.??"]

1. e4 Nc6 2. Nf3 d6 3. Bb5 Bd7 4. c3 a6 5. Ba4 b5 6. Bb3 e6 7. d3 Nge7 8. Nbd2
Ng6 9. O-O Be7 10. Re1 O-O 11. Nf1 a5 12. a4 b4 13. Ng3 bxc3 14. bxc3 Rb8 15.
Bd2 e5 16. h3 Nh4 17. Rb1 Be6 18. Bc2 Rxb1 19. Bxb1 Ng6 20. Bc2 Qd7 21. Ng5 h6
22. Nxe6 Qxe6 23. Bb3 Qd7 24. Bc4 Nf4 25. Bb5 Qe8 26. d4 Qa8 27. Bxf4 exf4 28.
Nf5 Bf6 29. Qg4 Ne7 30. Nxh6+ Kh7 31. Nf5 Ng6 32. Bc4 Qc6 33. Bxf7 Rxf7 34.
Qh5+ Kg8 35. Qxg6 Kf8 36. e5 Qxc3 37. e6 Qxe1+ 38. Kh2 Qxe6 39. Qh7 Ke8 40. Qg6
f3 41. Nxg7+ 1-0

[Event "Open de la Loire 2010-2011"]
[Site "Loire"]
[Date "2011.03.12"]
[Round "10.4"]
[White "Liogier, Pascal"]
[Black "Buisine, Roman"]
[Result "1-0"]
[WhiteElo "1440"]
[BlackElo "1667"]
[PlyCount "51"]
[EventDate "2011.??.??"]

1. Nf3 d5 2. c4 dxc4 3. Qa4+ Nc6 4. Nc3 Nf6 5. e4 Bd7 6. Bxc4 Nd4 7. Bxf7+ Kxf7
8. Qxd4 g6 9. O-O Bh6 10. e5 Nh5 11. d3 Bxc1 12. Raxc1 Rf8 13. Ng5+ Kg8 14.
Qc4+ Kg7 15. e6 Be8 16. Nce4 Nf4 17. Ng3 h6 18. Nf7 Bxf7 19. Qxf4 Bxe6 20. Qe5+
Rf6 21. Rxc7 Kf7 22. Rfc1 Rf5 23. Nxf5 Bxf5 24. d4 Rc8 25. Qc5 b6 26. Rxc8 1-0

[Event "Open de la Loire 2010-2011"]
[Site "Loire"]
[Date "2011.03.12"]
[Round "10.5"]
[White "Rasle, Jean-Michel"]
[Black "Doran, Niall"]
[Result "1-0"]
[WhiteElo "1650"]
[BlackElo "1547"]
[PlyCount "45"]
[EventDate "2011.??.??"]

1. d4 d5 2. c4 e6 3. Nc3 Nf6 4. Bg5 Be7 5. e3 O-O 6. Qc2 b6 7. cxd5 Nxd5 8.
Bxe7 Qxe7 9. Nxd5 exd5 10. Rc1 c6 11. Bd3 Qg5 12. Ne2 Qxg2 13. Bxh7+ Kh8 14.
Rg1 Qxh2 15. Bf5 Ba6 16. Kd2 g6 17. Rh1 Qxh1 18. Rxh1+ Kg7 19. Nf4 Bb7 20. Bxg6
Nd7 21. Qf5 Nf6 22. Qg5 Rg8 23. Qh6# 1-0

[Event "Open de la Loire 2010-2011"]
[Site "Loire"]
[Date "2011.03.12"]
[Round "10.6"]
[White "D'Elia, Stephane"]
[Black "Peyssonneaux, Norbert"]
[Result "1-0"]
[WhiteElo "1420"]
[BlackElo "1499"]
[PlyCount "93"]
[EventDate "2011.??.??"]

1. e4 e5 2. Nf3 Nc6 3. c3 d5 4. Qa4 dxe4 5. Qxe4 Nf6 6. Qa4 Bd7 7. Bb5 a6 8.
Be2 Nd4 9. Qd1 Nxe2 10. Qxe2 Bg4 11. Qxe5+ Qe7 12. Qxe7+ Bxe7 13. Ne5 Bf5 14.
d4 O-O 15. Nd2 Rfe8 16. O-O Bd6 17. Ndf3 Ng4 18. Nxg4 Bxg4 19. Be3 Re6 20. h3
Bxf3 21. gxf3 Rg6+ 22. Kh1 Re8 23. f4 Rh6 24. Kg2 Rh5 25. Rae1 f5 26. d5 c6 27.
c4 Re4 28. c5 Bxf4 29. Bxf4 Rxf4 30. d6 Rfh4 31. Re3 Rd4 32. a3 f4 33. Rc3 Kf7
34. Re1 Kf6 35. b4 g5 36. Re7 g4 37. hxg4 Rg5 38. f3 h5 39. Kh3 hxg4+ 40. fxg4
Rd1 41. Re4 Rf1 42. Rd4 Rf2 43. d7 Rg7 44. d8=Q+ Kg6 45. Rd6+ Kf7 46. Rd7+ Kg6
47. Rxg7+ 1-0

[Event "Open de la Loire 2010-2011"]
[Site "Loire"]
[Date "2011.03.12"]
[Round "10.7"]
[White "Joly, Christian"]
[Black "Piper, Stephane"]
[Result "1-0"]
[WhiteElo "1600"]
[BlackElo "1430"]
[PlyCount "59"]
[EventDate "2011.??.??"]

1. d4 d5 2. Nf3 Nf6 3. e3 e6 4. Bd3 Bd6 5. b3 O-O 6. Bb2 Nc6 7. a3 Bd7 8. O-O
Qe7 9. Nbd2 h6 10. c4 dxc4 11. bxc4 b6 12. a4 Bb4 13. e4 Bxd2 14. Qxd2 Nb4 15.
Bb1 a5 16. Re1 Qd8 17. Ba3 c5 18. e5 Nh7 19. Bb2 cxd4 20. Qxd4 Rc8 21. Rd1 Bc6
22. Bxh7+ Kxh7 23. Qg4 Qe7 24. Nd4 Rfd8 25. Ba3 Qc5 26. Nb3 Rxd1+ 27. Rxd1 Qxe5
28. Rb1 Bxa4 29. Bb2 Qf5 30. Qxg7# 1-0

[Event "Open de la Loire 2010-2011"]
[Site "Loire"]
[Date "2011.03.12"]
[Round "10.8"]
[White "Martin, Julien"]
[Black "Desassis, Jean-Francois"]
[Result "0-1"]
[WhiteElo "1530"]
[BlackElo "1500"]
[PlyCount "92"]
[EventDate "2011.??.??"]

1. e4 c5 2. Nf3 Nf6 3. Nc3 d6 4. d3 Nc6 5. Bg5 e5 6. Nd5 Be7 7. Be2 Be6 8. Nxe7
Qxe7 9. c3 h6 10. Be3 O-O 11. d4 exd4 12. cxd4 cxd4 13. Nxd4 Nxd4 14. Qxd4 Rfd8
15. O-O Rac8 16. Rac1 b6 17. a3 Bd7 18. f3 Bc6 19. Bf4 Nh5 20. Be3 Nf6 21. Ba6
Rc7 22. Bf4 Nh5 23. e5 Nxf4 24. Qxf4 dxe5 25. Qe3 b5 26. Qc5 Rd6 27. Bxb5 Bxb5
28. Qxb5 Rb6 29. Rxc7 Qxc7 30. Qe2 Qc5+ 31. Kh1 Rc6 32. h3 f6 33. Rd1 a5 34.
Qe4 Rc8 35. Qg6 Qe7 36. Qf5 Rc5 37. Qe4 Qc7 38. Kh2 f5 39. Qa8+ Kh7 40. Qf8 e4+
41. Kg1 exf3 42. gxf3 Qg3+ 43. Kh1 Qxh3+ 44. Kg1 Qg3+ 45. Kh1 Qxf3+ 46. Kh2
Rc2+ 0-1

[Event "Open de la Loire 2010-2011"]
[Site "Loire"]
[Date "2011.03.12"]
[Round "10.9"]
[White "Rasle, Corentin"]
[Black "Volay, Pascal"]
[Result "1/2-1/2"]
[WhiteElo "1420"]
[BlackElo "1480"]
[PlyCount "79"]
[EventDate "2011.??.??"]

1. d4 d5 2. c4 e6 3. Nc3 Nf6 4. Bg5 Nbd7 5. Nf3 Be7 6. e3 h6 7. Bf4 O-O 8. cxd5
Nxd5 9. Nxd5 exd5 10. Bd3 Nf6 11. O-O Bd6 12. Bxd6 Qxd6 13. Ne5 c6 14. h3 Nd7
15. Nxd7 Bxd7 16. Qb3 b5 17. Rac1 a6 18. Qc2 Qf6 19. b3 Qd6 20. a4 Rfc8 21.
axb5 axb5 22. Qb2 Kh8 23. b4 Qf8 24. Ra1 Rxa1 25. Qxa1 Ra8 26. Qc3 Ra4 27. Rb1
g6 28. Bc2 Ra7 29. Rb3 Qe7 30. Ra3 Be8 31. Rxa7 Qxa7 32. Qc5 Qxc5 33. dxc5 Kg7
34. Kh2 h5 35. Kg3 f5 36. Kf4 Kf6 37. h4 Bd7 38. f3 Be6 39. Bd3 Bd7 40. Bc2
1/2-1/2

[Event "Open de la Loire 2010-2011"]
[Site "Loire"]
[Date "2011.03.12"]
[Round "10.10"]
[White "Barrandon, Georges"]
[Black "Megnot, Philippe"]
[Result "0-1"]
[WhiteElo "1420"]
[BlackElo "1420"]
[PlyCount "104"]
[EventDate "2011.??.??"]

1. e4 c5 2. Nc3 d6 3. Bc4 g6 4. h3 Bg7 5. Nf3 Nc6 6. a3 Nf6 7. d3 a6 8. O-O O-O
9. Rb1 h6 10. Bd2 b5 11. Ba2 Qb6 12. Nd5 Nxd5 13. Bxd5 Ra7 14. Qc1 Kh7 15. Be3
Rc7 16. b4 Nd4 17. Nxd4 cxd4 18. Bd2 e6 19. Bb3 Bd7 20. Bf4 Ra7 21. Qe1 Rfa8
22. f3 a5 23. Rc1 a4 24. Ba2 Rc8 25. Bd2 Qd8 26. Qg3 Qe7 27. Bf4 e5 28. Bd2
Rac7 29. Bb1 Be6 30. Qe1 Bf6 31. Kh2 Kg7 32. f4 exf4 33. Rxf4 Be5 34. g3 Bxf4
35. gxf4 Rc6 36. Qg3 Bd7 37. f5 g5 38. h4 Rh8 39. Rf1 f6 40. Kg2 Kf8 41. Rh1
Rg8 42. Qg4 gxh4 43. Bxh6+ Qg7 44. Qxg7+ Rxg7+ 45. Bxg7+ Kxg7 46. Rxh4 Be8 47.
Ba2 Rxc2+ 48. Kf3 Rxa2 49. Rg4+ Kf7 50. Rg6 Rxa3 51. Rh6 Rxd3+ 52. Ke2 Re3+ 0-1

[Event "Open de la Loire 2010-2011"]
[Site "Loire"]
[Date "2011.03.12"]
[Round "10.11"]
[White "Richard, Nicolas"]
[Black "Boeuf, Jeremy"]
[Result "1/2-1/2"]
[WhiteElo "1470"]
[BlackElo "1300"]
[PlyCount "68"]
[EventDate "2011.??.??"]

1. e4 d5 2. exd5 Qxd5 3. Nc3 Qa5 4. Nf3 Nf6 5. d4 c6 6. Bd3 Bg4 7. h3 Bxf3 8.
Qxf3 e6 9. O-O Nbd7 10. a3 Be7 11. Be3 O-O 12. Rad1 Nd5 13. Nxd5 exd5 14. c3
Qd8 15. Qg4 Nf6 16. Qg3 Bd6 17. Qf3 Re8 18. Rfe1 Rb8 19. b4 Ra8 20. Qf5 g6 21.
Qf3 a5 22. Ra1 axb4 23. cxb4 Ne4 24. Bxe4 Rxe4 25. Qd1 Bc7 26. f3 Re8 27. Qd2
Qd6 28. g4 Qg3+ 29. Qg2 Qxg2+ 30. Kxg2 Re7 31. a4 Bd6 32. Bd2 Rxe1 33. Bxe1 Be7
34. Bc3 Bd6 $11 1/2-1/2

[Event "Open de la Loire 2010-2011"]
[Site "Loire"]
[Date "2011.03.12"]
[Round "10.12"]
[White "Marie, Michel"]
[Black "Benakila, Samir"]
[Result "0-1"]
[WhiteElo "1120"]
[BlackElo "1520"]
[PlyCount "52"]
[EventDate "2011.??.??"]

1. e4 e5 2. a3 Nf6 3. Nc3 d5 4. d4 exd4 5. Nxd5 Nxd5 6. exd5 Qxd5 7. Nf3 Bg4 8.
Be2 c5 9. O-O Bd6 10. h3 Bh5 11. c3 O-O 12. c4 Qc6 13. b4 b6 14. b5 Qb7 15. Qc2
Bg6 16. Bd3 Nd7 17. Re1 Rae8 18. Bd2 Ne5 19. Nxe5 Rxe5 20. Bxg6 fxg6 21. a4
Ref5 22. Rf1 Qc7 23. g3 Bxg3 24. Be1 Bh2+ 25. Kg2 Rg5+ 26. Kh1 Qb7+ 0-1

[Event "Open de la Loire 2010-2011"]
[Site "Loire"]
[Date "2011.03.12"]
[Round "10.13"]
[White "Ben Habchi, Nordine"]
[Black "Mialon, Franck"]
[Result "1-0"]
[WhiteElo "1490"]
[BlackElo "1350"]
[PlyCount "47"]
[EventDate "2011.??.??"]

1. e4 e5 2. f4 exf4 3. Bc4 Qh4+ 4. Kf1 d5 5. Nf3 Qh5 6. Bxd5 Nf6 7. Bb3 Bg4 8.
d3 Nc6 9. Bxf4 O-O-O 10. Nbd2 Nd4 11. h3 Nxe4 12. Nxe4 Nxf3 13. hxg4 Qxh1+ 14.
Kf2 Qxd1 15. Rxd1 Nh4 16. Bg5 f6 17. Bxh4 g5 18. Bg3 h5 19. Nxf6 Bg7 20. Be6+
Kb8 21. Nd5 Rhf8+ 22. Ke2 Rfe8 23. Nxc7 Rxe6+ 24. Nxe6+ 1-0

[Event "Open de la Loire 2010-2011"]
[Site "Loire"]
[Date "2011.03.12"]
[Round "10.14"]
[White "Brachet, Gerard"]
[Black "Victoria, Philippe"]
[Result "1-0"]
[WhiteElo "1410"]
[BlackElo "1150"]
[PlyCount "81"]
[EventDate "2011.??.??"]

1. d4 e6 2. e4 d5 3. e5 c5 4. Be3 Nc6 5. Nf3 Bd7 6. dxc5 Qa5+ 7. Nbd2 Bxc5 8.
Bxc5 Qxc5 9. Nb3 Qb4+ 10. c3 Qe4+ 11. Qe2 Qxe2+ 12. Bxe2 f6 13. exf6 Nxf6 14.
O-O e5 15. Rfe1 e4 16. Nfd4 Nxd4 17. cxd4 O-O 18. Nc5 b5 19. Nxd7 Nxd7 20. Bxb5
Nf6 21. b3 Ng4 22. Bc6 Rad8 23. Re2 Rf6 24. Rc1 Rdd6 25. Rec2 e3 26. fxe3 Nxe3
27. Rc5 h5 28. Re1 Rfe6 29. Bxd5 Nxd5 30. Rxe6 Rxe6 31. Rxd5 h4 32. Rd8+ Kh7
33. d5 Re2 34. a4 Rb2 35. d6 Rxb3 36. d7 Rb7 37. Rh8+ Kxh8 38. d8=Q+ Kh7 39.
Qxh4+ Kg8 40. Qc4+ Kh8 41. Qc8+ 1-0